| 000 | 01005pam a2200253 a 4500 | ||
|---|---|---|---|
| 005 | 20160128105851.0 | ||
| 008 | 891017s1990 nyuab b 001 0 eng | ||
| 020 | _a0893273473 | ||
| 040 |
_aDLC _cDLC _dDLC |
||
| 041 | 0 | _aeng | |
| 044 | _axxu | ||
| 082 | 0 | 0 |
_a581.6 _bN53d |
| 245 | 0 | 0 |
_aNew directions in the study of plants and people : _bresearch contributions from the Institute of Economic Botany / _cGhillean T. Prance and Michael J. Balick, editores. |
| 260 |
_aBronx, N.Y., U.S.A. : _bNew York Botanical Garden, _c1990. |
||
| 300 |
_avii, 278 páginas : _bilustraciones, mapas ; _c26 x 22 cm. |
||
| 504 | _aIncluye referencias bibliográficas e índices. | ||
| 650 | 6 |
_aBotánica _zAmérica. |
|
| 650 | 4 |
_aIndígenas _xEtnobotánica. |
|
| 650 | 6 |
_aEtnobotánica. _zAmérica. |
|
| 700 | 1 |
_aPrance, Ghillean T., _d1937- |
|
| 700 | 1 |
_aBalick, Michael J., _d1952- |
|
| 710 | 2 | _aInstitute of Economic Botany (New York Botanical Garden) | |
| 942 |
_2ddc _cLIBRO |
||
| 999 |
_c2263 _d2263 |
||